000 00419nam a2200205Ia 4500
001 000783
003 YMCAF
005 20230512160034.0
008 100717s1971 ||||||||||||||||| ||und|d
024 _a783
035 _a765
040 _aYMCAF
_beng
_cIN-KoLT
041 _aeng
082 _aSHE-AUD
100 _aAUDLES
245 0 _aSHEET METAL WORKERS HAND
260 _c1971
300 _a397
942 _2ddc
_cBK
999 _c609
_d609